Pokémon que empiezan por la letra T - Estadísticas

Estadísticas generales
  • Esta prueba ha sido intentada 22 veces
  • La puntuación promedio es 34 de 63
Estadísticas de respuestas
Gen. Tipo Nombre % Correcto
IV Planta Turtwig
87%
I Planta Tangela
80%
IV Planta/Tierra Torterra
80%
I Agua/Veneno Tentacool
73%
I Agua/Veneno Tentacruel
73%
II Hada Togepi
73%
II Hada/Volador Togetic
73%
IV Planta Tangrowth
67%
V Roca/Lucha Terrakion
67%
IX Hada/Acero Tinkatink
67%
IV Hada/Volador Togekiss
67%
III Fuego Torchic
67%
II Agua Totodile
67%
II Lucha Tyrogue
67%
VI Fuego/Volador Talonflame
60%
VII Eléctrico/Hada Tapu Koko
60%
I Normal Tauros
60%
IX Normal Terapagos
60%
IX Hada/Acero Tinkaton
60%
IX Hada/Acero Tinkatuff
60%
VIII Eléctrico/Veneno Toxel
60%
III Tierra Trapinch
60%
III Planta Treecko
60%
III Planta/Volador Tropius
60%
V Agua Tympole
60%
V Eléctrico Tynamo
60%
II Fuego Typhlosion
60%
II Roca/Siniestro Tyranitar
60%
III Normal/Volador Taillow
53%
VII Planta/Hada Tapu bulu
53%
VII Agua/Hada Tapu Fini
53%
VII Psíquico/Hada Tapu Lele
53%
V Lucha Throh
53%
V Eléctrico/Volador Thundurus
53%
III Fuego Torkoal
53%
V Volador Tornadus
53%
VII Fuego Torracat
53%
IV Veneno/Lucha Toxicroak
53%
VIII Eléctrico/Veneno Toxtricity
53%
VI Fantasma/Planta Trevenant
53%
V Lucha Timburr
47%
VII Eléctrico/Acero Togedemaru
47%
V Veneno Trubbish
47%
VII Fuego/Dragon Turtonator
47%
VI Roca/Dragon Tyrantrum
47%
VI Roca/Dragon Tyrunt
47%
IX Dragon/Agua Tatsugiri
40%
V Fuego Tepig
40%
VIII Planta Thwackey
40%
IX Siniestro/Tierra Ting-Lu
40%
V Agua/Roca Tirtouga
40%
IX Tierra/Planta Toedscool
40%
IX Tierra/Planta Toedscruel
40%
VII Veneno/Agua Toxapex
40%
V Normal/Volador Tranquill
40%
VII Normal/Volador Trumbeak
40%
IX Eléctrico Tadbulb
33%
IX Bicho Tarountula
33%
VII Normal/Volador Toucannon
33%
IX Normal Tandemaus
27%
II Normal Teddiursa
27%
VIII Siniestro Thievul
27%
VII Planta Tsareena
27%
No se encontraron pruebas coincidentes
Distribución de puntuación
Porcentaje de gente con cada puntuación
Porcentaje por número respondido
Historial de tus puntuaciones
No has intentado esta prueba.